000 00486nam a2200169Ia 4500
003 GCL
008 140319s9999 xx 000 0 ara d
040 _aGCL /
_cGCL
082 0 4 _a813.01
_bن د
100 1 _aنجيب محفوظ
245 1 0 _aدنيا الله /
_cنجيب محفوظ
260 _aالقاهرة :
_bمكتبة مصر
300 _a261 ص ؛
_c25 سم
650 0 4 _aالادب العربى
650 0 4 _aالقصص العربية القصيرة
942 _2ddc
_cBK
999 _c47327
_d47327